000 00268nam a22001217a 4500
008 180227b xxu||||| |||| 00| 0 eng d
041 _aeng
080 _a32
100 _a23
101 _apol
245 _afor conjspicuous gallantry
_cdonald.e.w
942 _2udc
_cBK
999 _c43591
_d43591